[Event "Titled Tuesday intern op 04th Apr Early"]
[Site "Chess.com INT"]
[Date "2023.04.04"]
[Round "2"]
[White "Skaric, Djuro"]
[Black "Makaj, Marko"]
[Result "0-1"]
[WhiteElo "2334"]
[BlackElo "2349"]
[PlyCount "24"]
[EventDate "2023.04.04"]
[EventType "swiss (blitz)"]
[EventRounds "11"]
[EventCountry "USA"]
[SourceTitle "EXT 2024"]
[Source "ChessBase"]
[SourceDate "2023.10.10"]
[SourceVersion "1"]
[SourceVersionDate "2023.10.10"]
[SourceQuality "1"]

1. g3 g6 2. Bg2 Bg7 3. d3 Nf6 4. Nf3 0-0 5. 0-0 c5 6. Nc3 Nc6 7. h3 Rb8 8. e4 b5 9. Ne2 d5 10. Ne1 a5 11. f4 dxe4 12. dxe4 Qxd1 0-1

[Event "CRO-chT1B 30th"]
[Site "Porec"]
[Date "2022.10.02"]
[Round "9.52"]
[White "Licardo, Renato"]
[Black "Makaj, Marko"]
[Result "1-0"]
[WhiteElo "2223"]
[BlackElo "2387"]
[PlyCount "107"]
[EventDate "2022.09.24"]
[EventType "team-tourn"]
[EventRounds "9"]
[EventCountry "CRO"]
[SourceTitle "CBM 210 Extra"]
[Source "ChessBase"]
[SourceDate "2022.11.30"]
[SourceVersion "1"]
[SourceVersionDate "2022.11.30"]
[SourceQuality "1"]
[WhiteTeam "Porec Gortan"]
[BlackTeam "Pozega"]
[WhiteTeamCountry "CRO"]
[BlackTeamCountry "CRO"]

1. e4 g6 2. d4 Bg7 3. Nc3 d6 4. Be3 a6 5. a4 b6 6. Be2 Bb7 7. Bf3 Nd7 8. Nge2 e5 9. Ng3 Ne7 10. dxe5 Nxe5 11. Be2 d5 12. exd5 Nxd5 13. Nxd5 Qxd5 14. Qxd5 Bxd5 15. 0-0 Nc4 16. Bxc4 Bxc4 17. Rfe1 0-0-0 18. Rab1 Ba2 19. Ra1 Be6 20. Rab1 Rd7 21. b3 h6 22. Kf1 Kb7 23. Rbd1 Rhd8 24. Ke2 f5 25. Rxd7 Rxd7 26. Rd1 Rxd1 27. Kxd1 c5 28. Ne2 Kc6 29. h4 Bf6 30. Bxh6 Bxh4 31. Be3 Bf6 32. f3 g5 33. Kd2 Kd6 34. c4 Bd7 35. Nc3 Bc6 36. Kd3 a5 37. Bd2 Bd8 38. Ke3 Ke5 39. Ne2 f4+ 40. Kd3 Kf5 41. Nc3 Ke5 42. Nd1 g4 43. Ke2 Bd7 44. Bc3+ Kf5 45. Nf2 g3 46. Ne4 Bc7 47. Nf6 Be6 48. Nd5 Bd8 49. Kd3 Kg5 50. Be5 Bf5+ 51. Kd2 Bh3 52. gxh3 Kf5 53. Bxf4 Bg5 54. Bxg5 1-0

[Event "CRO-chT1B 30th"]
[Site "Porec"]
[Date "2022.09.29"]
[Round "6.22"]
[White "Sprenger, Jan Michael"]
[Black "Makaj, Marko"]
[Result "0-1"]
[WhiteElo "2475"]
[BlackElo "2387"]
[PlyCount "152"]
[EventDate "2022.09.24"]
[EventType "team-tourn"]
[EventRounds "9"]
[EventCountry "CRO"]
[SourceTitle "CBM 210 Extra"]
[Source "ChessBase"]
[SourceDate "2022.11.30"]
[SourceVersion "1"]
[SourceVersionDate "2022.11.30"]
[SourceQuality "1"]
[WhiteTeam "Split Brda"]
[BlackTeam "Pozega"]
[WhiteTeamCountry "CRO"]
[BlackTeamCountry "CRO"]

1. e4 d5 2. exd5 Qxd5 3. Nc3 Qd6 4. d4 Nf6 5. Nf3 c6 6. Ne5 Nbd7 7. Nc4 Qc7 8. g3 Nb6 9. Bf4 Qd8 10. Qd2 Be6 11. Nxb6 axb6 12. Bg2 g6 13. Be5 Bg7 14. 0-0 0-0 15. h3 Qd7 16. h4 Rfd8 17. Rfe1 Ra5 18. a3 Rxe5 19. Rxe5 Ng4 20. Re2 Bc4 21. Rd1 Bxe2 22. Nxe2 Qf5 23. Rf1 e5 24. c3 exd4 25. cxd4 h5 26. Qd1 Bxd4 27. Nxd4 Qf6 28. Qe2 Qxd4 29. Qe7 Qd7 30. Qb4 b5 31. Re1 Kg7 32. Bf3 Qd2 33. Qxd2 Rxd2 34. Re7 Rxb2 35. Rxb7 Ne5 36. Be4 Re2 37. f3 Re3 38. Kg2 Rxa3 39. Rb6 Rc3 40. f4 Rc4 41. fxe5 Rxe4 42. Rxc6 Rxe5 43. Kf3 Re6 44. Rc3 b4 45. Rb3 Rb6 46. Ke4 Kf6 47. Rf3+ Ke6 48. Rb3 f6 49. Kd4 Kf5 50. Ke3 Ke5 51. Kd3 Kd5 52. Kc2 Ke4 53. Kd2 f5 54. Ke2 f4 55. Kd2 fxg3 56. Rxg3 b3 57. Kc1 b2+ 58. Kb1 Kf5 59. Rg5+ Kf6 60. Rg2 Rb4 61. Rf2+ Ke5 62. Re2+ Kf4 63. Rg2 Rb6 64. Rg5 Ke3 65. Rg1 Kf3 66. Rg5 Kf2 67. Rc5 Rb4 68. Rc6 Rg4 69. Kxb2 Kg3 70. Kc2 Kxh4 71. Kd2 Kg3 72. Ke1 Kg2 73. Rc2+ Kg1 74. Rc3 h4 75. Ke2 Rg2+ 76. Ke1 Rg3 0-1

[Event "CRO-chT1B 30th"]
[Site "Porec"]
[Date "2022.09.28"]
[Round "5.43"]
[White "Rezan, Sasa"]
[Black "Makaj, Marko"]
[Result "1-0"]
[WhiteElo "2388"]
[BlackElo "2387"]
[PlyCount "119"]
[EventDate "2022.09.24"]
[EventType "team-tourn"]
[EventRounds "9"]
[EventCountry "CRO"]
[SourceTitle "CBM 210 Extra"]
[Source "ChessBase"]
[SourceDate "2022.11.30"]
[SourceVersion "1"]
[SourceVersionDate "2022.11.30"]
[SourceQuality "1"]
[WhiteTeam "Bibinje Goran"]
[BlackTeam "Pozega"]
[WhiteTeamCountry "CRO"]
[BlackTeamCountry "CRO"]

1. d4 g6 2. c4 Bg7 3. Nf3 d6 4. Nc3 Nf6 5. e4 0-0 6. Be2 e5 7. 0-0 Nc6 8. dxe5 dxe5 9. Bg5 Qxd1 10. Rfxd1 Bg4 11. h3 Bxf3 12. Bxf3 Nd4 13. Nd5 Nxd5 14. cxd5 f6 15. Be3 Nxf3+ 16. gxf3 Rf7 17. Rac1 Bf8 18. Kf1 Bd6 19. Ke2 f5 20. Rd3 Kg7 21. a4 a5 22. Rb3 b6 23. Rc6 Rd8 24. Rbc3 fxe4 25. fxe4 Rdf8 26. Rxd6 cxd6 27. Rc6 Rb8 28. Rxd6 b5 29. Bd2 bxa4 30. Bc3 Re8 31. Ra6 Kh6 32. Rxa5 Kg5 33. d6 Kh4 34. Bxe5 Kxh3 35. Ke3 g5 36. Bg3 Kg4 37. Kd4 h5 38. Kd5 h4 39. Be5 Rxf2 40. Kc6 Rc2+ 41. Kd7 Rcc8 42. Bf6 Kf3 43. Rxg5 h3 44. Rh5 Kg2 45. e5 h2 46. e6 h1Q 47. Rxh1 Kxh1 48. e7 Kg2 49. Ke6 Kf3 50. d7 Ke4 51. dxe8Q Rxe8 52. Kd7 Ra8 53. e8Q+ Rxe8 54. Kxe8 a3 55. bxa3 Kd5 56. Kd7 Kc5 57. Kc7 Kb5 58. Kb7 Ka4 59. Be7 Kb5 60. Bb4 1-0

[Event "CRO-chT1B 30th"]
[Site "Porec"]
[Date "2022.09.27"]
[Round "4.32"]
[White "Shengelia, Davit"]
[Black "Makaj, Marko"]
[Result "1-0"]
[WhiteElo "2451"]
[BlackElo "2387"]
[PlyCount "151"]
[EventDate "2022.09.24"]
[EventType "team-tourn"]
[EventRounds "9"]
[EventCountry "CRO"]
[SourceTitle "CBM 210 Extra"]
[Source "ChessBase"]
[SourceDate "2022.11.30"]
[SourceVersion "1"]
[SourceVersionDate "2022.11.30"]
[SourceQuality "1"]
[WhiteTeam "Djakovo Limmont"]
[BlackTeam "Pozega"]
[WhiteTeamCountry "CRO"]
[BlackTeamCountry "CRO"]

1. d4 d5 2. Nf3 e6 3. c4 c5 4. e3 Nc6 5. Nc3 Nf6 6. cxd5 exd5 7. Be2 c4 8. Ne5 Bb4 9. Bd2 0-0 10. 0-0 Re8 11. Nxc6 bxc6 12. b3 cxb3 13. axb3 Bd6 14. Qc2 Bg4 15. f3 Bh5 16. Bd3 Qb8 17. h3 Bg6 18. Ra6 Bxd3 19. Qxd3 c5 20. dxc5 Bxc5 21. Rxf6 gxf6 22. Nxd5 Qd6 23. Kh1 Bxe3 24. Bb4 Qe6 25. Nc7 Qb6 26. Nxa8 Rxa8 27. Qe4 Rb8 28. Qg4+ Bg5 29. Bc3 Qe6 30. Qg3 Rxb3 31. f4 Qc4 32. Rf3 Rxc3 33. Rxc3 Qxf4 34. Kh2 Qh4 35. Rf3 Qd4 36. Rd3 Qe4 37. Qf3 Qe5+ 38. g3 Qb2+ 39. Kh1 Qc1+ 40. Rd1 Qe3 41. Kg2 Qe6 42. h4 Bh6 43. Rd4 f5 44. Rd5 Qe4 45. Rxf5 Qxf3+ 46. Kxf3 Bd2 47. Rd5 Bc3 48. Rg5+ Kf8 49. Kg4 Bd2 50. Rd5 Be1 51. Re5 Bc3 52. Rh5 Kg7 53. Rg5+ Kf6 54. Kh5 Bd2 55. Rg8 Bc1 56. g4 h6 57. Rc8 Bd2 58. Rc2 Be3 59. Rc3 Bd2 60. Ra3 a5 61. Rd3 Bc1 62. Rd1 Be3 63. Ra1 Bd2 64. Ra2 Be1 65. Kxh6 Bxh4 66. Rxa5 Be1 67. Rf5+ Ke6 68. Kg7 Bc3+ 69. Kg8 f6 70. Kg7 Bb2 71. Kg6 Bc3 72. Rc5 Bd4 73. Rc6+ Ke7 74. Kf5 Bb2 75. Rc7+ Kd6 76. Rf7 1-0

[Event "CRO-chT1B 30th"]
[Site "Porec"]
[Date "2022.09.25"]
[Round "2.42"]
[White "Saraci, Nderim"]
[Black "Makaj, Marko"]
[Result "1-0"]
[WhiteElo "2490"]
[BlackElo "2387"]
[PlyCount "97"]
[EventDate "2022.09.24"]
[EventType "team-tourn"]
[EventRounds "9"]
[EventCountry "CRO"]
[SourceTitle "CBM 210 Extra"]
[Source "ChessBase"]
[SourceDate "2022.11.30"]
[SourceVersion "1"]
[SourceVersionDate "2022.11.30"]
[SourceQuality "1"]
[WhiteTeam "Vinkovci"]
[BlackTeam "Pozega"]
[WhiteTeamCountry "CRO"]
[BlackTeamCountry "CRO"]

1. d4 d5 2. Nf3 Nf6 3. c4 e6 4. Nc3 c5 5. cxd5 exd5 6. g3 Nc6 7. Bg2 Be7 8. 0-0 0-0 9. Bf4 c4 10. Ne5 Bb4 11. Bg5 Bxc3 12. bxc3 Re8 13. Bxf6 Qxf6 14. f4 Qd6 15. e4 dxe4 16. Bxe4 Ne7 17. Qc2 f5 18. Nxc4 Qc7 19. Bd3 Be6 20. Ne3 Rac8 21. Rac1 Qa5 22. c4 b5 23. c5 Qb4 24. Qc3 Qxc3 25. Rxc3 b4 26. Rc2 Red8 27. Ba6 Rc7 28. Rd1 b3 29. axb3 Bxb3 30. Bc4+ Bxc4 31. Rxc4 Nd5 32. Nxd5 Rxd5 33. Kf2 Kf7 34. Ra1 Ke7 35. Ra6 Kd8 36. Rca4 Kc8 37. Rxa7 Rxa7 38. Rxa7 Rxd4 39. Rxg7 Rd2+ 40. Kg1 Rc2 41. Rxh7 Rxc5 42. Re7 Kd8 43. Re5 Rxe5 44. fxe5 Ke7 45. Kf2 Ke6 46. Kf3 Kxe5 47. h3 Ke6 48. Kf4 Kf6 49. h4 1-0

[Event "CRO-chT1B 29th"]
[Site "Mali Losinj"]
[Date "2021.09.29"]
[Round "6.64"]
[White "Safar, Sandro"]
[Black "Makaj, Marko"]
[Result "0-1"]
[WhiteElo "2240"]
[BlackElo "2379"]
[PlyCount "92"]
[EventDate "2021.09.25"]
[EventType "team-tourn"]
[EventRounds "11"]
[EventCountry "CRO"]
[SourceTitle "CBM 204 Extra"]
[Source "ChessBase"]
[SourceDate "2021.11.30"]
[SourceVersion "1"]
[SourceVersionDate "2021.11.30"]
[SourceQuality "1"]
[WhiteTeam "Rijeka Junior"]
[BlackTeam "Pozega"]
[WhiteTeamCountry "CRO"]
[BlackTeamCountry "CRO"]

1. d4 g6 2. Nc3 Bg7 3. Bf4 d6 4. e4 a6 5. Qd2 b5 6. h4 h6 7. Nf3 Bb7 8. a3 Nd7 9. d5 c5 10. dxc6 Bxc6 11. Nd4 Rc8 12. Nxc6 Rxc6 13. Nd1 Ngf6 14. f3 Nb6 15. Bd3 d5 16. 0-0 dxe4 17. fxe4 Ng4 18. Qe2 h5 19. c3 e5 20. Bg5 Bf6 21. Bxf6 Rxf6 22. Rxf6 Qxf6 23. g3 0-0 24. Ne3 Nxe3 25. Qxe3 Rd8 26. Rf1 Qe6 27. Rf2 Kg7 28. Kh2 Qd6 29. Be2 Rd7 30. g4 hxg4 31. Bxg4 Rd8 32. Qf3 Qe7 33. Kg1 Nc4 34. h5 Rd2 35. h6+ Kxh6 36. Qxf7 Qxf7 37. Rxf7 Rxb2 38. Ra7 Kg5 39. Bd7 a5 40. Ra6 a4 41. Be8 Kf4 42. Bxg6 Nxa3 43. Kf1 Ke3 44. Be8 Nc4 45. Bxb5 Nd2+ 46. Kg1 Nf3+ 0-1

[Event "CRO-chT1B 29th"]
[Site "Mali Losinj"]
[Date "2021.09.28"]
[Round "5.1"]
[White "Novak, Ivan2222"]
[Black "Makaj, Marko"]
[Result "0-1"]
[WhiteElo "2239"]
[BlackElo "2379"]
[PlyCount "176"]
[EventDate "2021.09.25"]
[EventType "team-tourn"]
[EventRounds "11"]
[EventCountry "CRO"]
[SourceTitle "CBM 204 Extra"]
[Source "ChessBase"]
[SourceDate "2021.11.30"]
[SourceVersion "1"]
[SourceVersionDate "2021.11.30"]
[SourceQuality "1"]
[WhiteTeam "Mihovljan Sloboda"]
[BlackTeam "Pozega"]
[WhiteTeamCountry "CRO"]
[BlackTeamCountry "CRO"]

1. Nf3 g6 2. g3 Bg7 3. Bg2 Nf6 4. d4 0-0 5. 0-0 d6 6. b3 c5 7. c4 Nc6 8. Bb2 Ne4 9. Nbd2 Bf5 10. Nh4 Nxd2 11. Qxd2 Nxd4 12. e3 Nc6 13. Nxf5 gxf5 14. Bxg7 Kxg7 15. Bh3 Qd7 16. Rad1 Rad8 17. e4 Nd4 18. Qg5+ Kh8 19. Qh5 e6 20. exf5 Qe7 21. Qh6 Rg8 22. Rxd4 cxd4 23. f6 Qf8 24. Qh4 Rg6 25. Qxd4 b6 26. Re1 e5 27. Qd5 a5 28. Qb7 Rb8 29. Qc7 Rxf6 30. Re4 Rg6 31. Bf5 Rg5 32. g4 Rg7 33. a4 Qd8 34. Qc6 f6 35. Re3 Rc7 36. Qd5 Qe7 37. Rh3 Qf8 38. Qe4 Rbb7 39. Rd3 Rb8 40. Rh3 Qg8 41. Rd3 Rd8 42. Qf3 Kg7 43. Qe3 Rc5 44. Be4 Kf8 45. Qf3 Ke7 46. Qh3 Qg7 47. Qh5 Rg8 48. h3 h6 49. Qf5 Qg5 50. Qf3 h5 51. Bf5 d5 52. Rxd5 Rxd5 53. cxd5 hxg4 54. d6+ Kxd6 55. Qd3+ Kc5 56. Qc4+ Kd6 57. Qe6+ Kc5 58. Qc4+ Kd6 59. Qd3+ Ke7 60. Qd7+ Kf8 61. Qd8+ Kf7 62. Qd7+ Kf8 63. Qd6+ Kf7 64. Qe6+ Kf8 65. Qc8+ Ke7 66. Qc7+ Kf8 67. Qc8+ Ke7 68. Qe6+ Kf8 69. hxg4 Rh8 70. Qc8+ Kg7 71. Qb7+ Kh6 72. Qxb6 Qc1+ 73. Kg2 Kg5 74. Kf3 Rh3+ 75. Ke2 Qb2+ 76. Kf1 Qxb3 77. Qd8 Rh1+ 78. Ke2 Qb2+ 79. Kf3 Qb3+ 80. Ke2 Qc4+ 81. Kf3 Qf4+ 82. Ke2 Qc4+ 83. Kf3 Rc1 84. Qh8 Qc6+ 85. Ke2 Qc4+ 86. Kf3 Qd5+ 87. Kg3 Rg1+ 88. Kh2 Qh1# 0-1

[Event "Titled Tuesday intern op 4th Sept"]
[Site "Chess.com INT"]
[Date "2018.09.04"]
[Round "1"]
[White "Erdogdu, Mert"]
[Black "Makaj, Marko"]
[Result "1-0"]
[WhiteElo "2416"]
[BlackElo "2362"]
[PlyCount "87"]
[EventDate "2018.09.04"]
[EventType "swiss (blitz)"]
[EventRounds "10"]
[EventCountry "USA"]
[SourceTitle "EXT 2021"]
[Source "ChessBase"]
[SourceDate "2020.10.23"]
[SourceVersion "1"]
[SourceVersionDate "2020.10.23"]
[SourceQuality "1"]

1. e4 c5 2. Nf3 Nc6 3. Bb5 Qc7 4. 0-0 a6 5. Bxc6 Qxc6 6. d4 cxd4 7. Nxd4 Qc7 8. Nc3 e6 9. Re1 d6 10. a4 Be7 11. Qf3 Nf6 12. Qg3 0-0 13. Bh6 Ne8 14. Rad1 Kh8 15. Be3 Nf6 16. Nb3 b6 17. Bd4 Bb7 18. e5 dxe5 19. Bxe5 Qc8 20. Rd4 Kg8 21. Red1 g6 22. R1d3 Nd5 23. Nxd5 Bxd5 24. c4 Bc6 25. Nd2 Qb7 26. b3 Rad8 27. h4 Rxd4 28. Rxd4 Rd8 29. h5 Qc8 30. hxg6 hxg6 31. Nf1 Rxd4 32. Bxd4 Qd8 33. Qe5 f6 34. Qxe6+ Kf8 35. Bxf6 Bxf6 36. Qxc6 Qd4 37. g3 a5 38. Ne3 Kg7 39. Nd5 Qd1+ 40. Kg2 Bd4 41. Qc7+ Kh6 42. Qf4+ Kg7 43. Ne3 Bc5 44. Nxd1 1-0

[Event "CRO Cup"]
[Site "Mali Losinj"]
[Date "2017.05.11"]
[Round "2.7"]
[White "Makaj, Marko"]
[Black "Boban, Sten"]
[Result "1-0"]
[WhiteElo "2330"]
[BlackElo "2075"]
[PlyCount "72"]
[EventDate "2017.05.10"]
[EventType "team-swiss"]
[EventRounds "6"]
[EventCountry "CRO"]
[SourceTitle "CBM 178 Extra"]
[Source "ChessBase"]
[SourceDate "2017.06.22"]
[SourceVersion "1"]
[SourceVersionDate "2017.06.22"]
[SourceQuality "1"]
[WhiteTeam "Busevec Polet"]
[BlackTeam "Nova Gradiska Strmac"]
[WhiteTeamCountry "CRO"]
[BlackTeamCountry "CRO"]

1. d4 c6 2. c4 d6 3. Nc3 Qc7 4. e4 Nf6 5. Be2 e5 6. d5 Be7 7. Nf3 Bg4 8. 0-0 Nbd7 9. Be3 a5 10. h3 Bh5 11. Nd2 Bxe2 12. Qxe2 0-0 13. b3 Rfe8 14. a3 Bf8 15. b4 g6 16. Nb3 axb4 17. axb4 cxd5 18. exd5 b6 19. Nb5 Qb7 20. Nd2 Rxa1 21. Rxa1 Ra8 22. Qd1 Ne8 23. Ra4 f5 24. f3 Ra6 25. Qa1 Nc7 26. Nxc7 Rxa4 27. Qxa4 Qxc7 28. Qa6 Qb8 29. Nb1 Be7 30. Nc3 Bh4 31. Kf1 Kf7 32. Nb5 Ke7 33. Na7 Kf7 34. Nc8 Bd8 35. Qb7 Qc7 36. Qc6 Qa7 1-0

[Event "Titled Tuesday intern Qual1 4th April"]
[Site "Chess.com INT"]
[Date "2017.04.04"]
[Round "2"]
[White "Fernandez, Gumersindo"]
[Black "Makaj, Marko"]
[Result "1-0"]
[WhiteElo "2309"]
[BlackElo "2333"]
[PlyCount "113"]
[EventDate "2017.04.04"]
[EventType "swiss (blitz)"]
[EventRounds "10"]
[EventCountry "USA"]
[SourceTitle "EXT 2021"]
[Source "ChessBase"]
[SourceDate "2020.10.23"]
[SourceVersion "1"]
[SourceVersionDate "2020.10.23"]
[SourceQuality "1"]

1. d4 d5 2. c4 e6 3. Nc3 Be7 4. Nf3 Nf6 5. Bg5 h6 6. Bh4 Ne4 7. Bxe7 Qxe7 8. cxd5 Nxc3 9. bxc3 exd5 10. e3 0-0 11. Bd3 c5 12. 0-0 Nc6 13. Rb1 b6 14. Qa4 Bd7 15. Bb5 Rfc8 16. Qa6 Na5 17. Bxd7 Qxd7 18. Ne5 Qd6 19. Qe2 Rc7 20. Qf3 Rac8 21. h4 Nc6 22. Nd3 Ne7 23. dxc5 bxc5 24. Nf4 Qe5 25. Rbc1 Rb8 26. Rfd1 Rd7 27. g4 Rb6 28. h5 f5 29. gxf5 Qxf5 30. Kh2 Rf6 31. Rg1 Kh7 32. Rg3 d4 33. cxd4 cxd4 34. Rcg1 Nc6 35. Qg2 Rff7 36. Qxc6 dxe3 37. Qg6+ Kh8 38. Qxf5 Rxf5 39. fxe3 Kg8 40. Kh3 Ra5 41. R1g2 Re5 42. Kg4 Rde7 43. Re2 Kf7 44. Kf3 Ra5 45. e4 Ra3+ 46. Kg4 Ra4 47. Kf5 Kg8 48. Rd3 Rf7+ 49. Kg4 Re7 50. Kf3 Rf7 51. Rg2 Kf8 52. Ke3 Ke7 53. Nd5+ Ke6 54. Nf4+ Ke5 55. Rd5+ Kf6 56. Rg6+ Ke7 57. Re6+ 1-0

[Event "PRO League Stage"]
[Site "Chess.com INT"]
[Date "2017.02.11"]
[Round "5"]
[White "Feng, Maggie"]
[Black "Makaj, Marko"]
[Result "0-1"]
[WhiteElo "2164"]
[BlackElo "2332"]
[PlyCount "114"]
[EventDate "2017.01.11"]
[EventType "team-swiss (rapid)"]
[EventRounds "7"]
[EventCountry "USA"]
[SourceTitle "CBM 176 Extra"]
[Source "ChessBase"]
[SourceDate "2017.03.02"]
[SourceVersion "1"]
[SourceVersionDate "2017.03.02"]
[SourceQuality "1"]
[WhiteTeam "Columbus Cardinals"]
[BlackTeam "Abuja Rockstars"]
[WhiteTeamCountry "USA"]
[BlackTeamCountry "NGR"]

1. Nf3 g6 2. g3 Bg7 3. d4 Nf6 4. Bg2 0-0 5. 0-0 d6 6. a4 Nc6 7. a5 a6 8. d5 Nb8 9. Nd4 c5 10. dxc6 Nxc6 11. Nxc6 bxc6 12. Bxc6 Rb8 13. Nc3 Be6 14. Bg2 Qc7 15. e4 Rfc8 16. Re1 Kf8 17. Bf1 Qc6 18. Qd3 Bc4 19. Qxc4 Qxc4 20. Bxc4 Rxc4 21. Ra2 Nd7 22. Bd2 Ne5 23. Kg2 Rc6 24. Rb1 Nc4 25. Be1 Bxc3 26. Bxc3 Ne3+ 27. fxe3 Rxc3 28. Rc1 Rxe3 29. Kf2 Rxe4 30. c3 Rb3 31. Rc2 Ke8 32. Re2 Rc4 33. Ke1 e5 34. Kd2 f6 35. Kc2 Rb8 36. b3 Rc6 37. Ra3 Ke7 38. Kd3 d5 39. b4 Ke6 40. Rb3 Rb5 41. Rbb2 Rc4 42. Rb3 f5 43. Rbb2 g5 44. Rf2 h5 45. Rfc2 h4 46. gxh4 Rxh4 47. c4 Rh3+ 48. Kd2 Rxh2+ 49. Ke3 Rxc2 50. cxb5 Rxb2 51. bxa6 Rh2 52. a7 Rh8 53. b5 Kd6 54. b6 Kc6 55. Kd3 g4 56. Ke3 f4+ 57. Kd3 g3 0-1

[Event "PRO League Stage"]
[Site "Chess.com INT"]
[Date "2017.02.11"]
[Round "5"]
[White "Liu, Aristo S"]
[Black "Makaj, Marko"]
[Result "0-1"]
[WhiteElo "1969"]
[BlackElo "2332"]
[PlyCount "90"]
[EventDate "2017.01.11"]
[EventType "team-swiss (rapid)"]
[EventRounds "7"]
[EventCountry "USA"]
[SourceTitle "CBM 176 Extra"]
[Source "ChessBase"]
[SourceDate "2017.03.02"]
[SourceVersion "1"]
[SourceVersionDate "2017.03.02"]
[SourceQuality "1"]
[WhiteTeam "Columbus Cardinals"]
[BlackTeam "Abuja Rockstars"]
[WhiteTeamCountry "USA"]
[BlackTeamCountry "NGR"]

1. e4 c5 2. c3 d5 3. exd5 Qxd5 4. d4 cxd4 5. cxd4 Nc6 6. Nf3 Bg4 7. Nc3 Qa5 8. Be2 e6 9. 0-0 Nf6 10. h3 Bh5 11. Bf4 Rd8 12. Qb3 Qb4 13. Be5 Qxb3 14. axb3 a6 15. Rfe1 Be7 16. Rac1 0-0 17. g4 Bg6 18. Na4 Nd7 19. Bg3 Be4 20. Red1 Bd5 21. Rd3 Rc8 22. Bd1 Rfd8 23. Nc3 Bxf3 24. Bxf3 Nc5 25. dxc5 Rxd3 26. Be4 Rd2 27. Na4 Rcd8 28. Rc4 R8d4 29. Bxc6 Rxc4 30. bxc4 bxc6 31. Be5 Bf6 32. Bc3 Bxc3 33. bxc3 Ra2 34. Nb6 Ra3 35. Nc8 Rxc3 36. Ne7+ Kf8 37. Nxc6 Rxc4 38. Nb8 a5 39. c6 a4 40. Nd7+ Ke7 41. Nb6 Rc1+ 42. Kg2 a3 43. Nc8+ Kd8 44. Nd6 a2 45. Nxf7+ Ke7 0-1

[Event "Titled Tuesday intern op 7th Febr"]
[Site "Chess.com INT"]
[Date "2017.02.07"]
[Round "1"]
[White "Makaj, Marko"]
[Black "Caruana, Fabiano"]
[Result "0-1"]
[WhiteElo "2332"]
[BlackElo "2827"]
[PlyCount "82"]
[EventDate "2017.02.07"]
[EventType "swiss (blitz)"]
[EventRounds "9"]
[EventCountry "USA"]
[SourceTitle "EXT 2021"]
[Source "ChessBase"]
[SourceDate "2020.10.23"]
[SourceVersion "1"]
[SourceVersionDate "2020.10.23"]
[SourceQuality "1"]

1. d4 Nf6 2. Bg5 e6 3. Nd2 h6 4. Bh4 c5 5. e3 b6 6. Ngf3 Bb7 7. h3 Be7 8. Bg3 d6 9. c3 0-0 10. Bd3 Nbd7 11. Qe2 a6 12. a4 Qc7 13. 0-0 Rfe8 14. Rfe1 Bf8 15. Bh2 e5 16. dxe5 dxe5 17. e4 Nh5 18. Nc4 Nf4 19. Qf1 b5 20. axb5 axb5 21. Ne3 c4 22. Bc2 Nc5 23. Nd5 Bxd5 24. exd5 Rxa1 25. Rxa1 Nfd3 26. b4 Ne4 27. Bxd3 cxd3 28. Qxd3 Nxc3 29. Ra3 Bxb4 30. Rb3 Qc5 31. Bxe5 Nxd5 32. Qb1 Qc4 33. Bg3 Nc3 34. Qb2 Ne2+ 35. Kh2 Bc3 36. Qc2 b4 37. Rb1 Nxg3 38. fxg3 Re2 39. Qf5 g6 40. Qd7 Qe4 41. Rd1 Qxf3 0-1

[Event "PRO League Central"]
[Site "Chess.com INT"]
[Date "2017.01.25"]
[Round "3"]
[White "Jensson, Einar Hjalti"]
[Black "Makaj, Marko"]
[Result "1-0"]
[WhiteElo "2386"]
[BlackElo "2332"]
[PlyCount "101"]
[EventDate "2017.01.11"]
[EventType "team-swiss (rapid)"]
[EventRounds "7"]
[EventCountry "USA"]
[SourceTitle "CBM 176 Extra"]
[Source "ChessBase"]
[SourceDate "2017.03.02"]
[SourceVersion "1"]
[SourceVersionDate "2017.03.02"]
[SourceQuality "1"]
[WhiteTeam "Reykjavik Puffins"]
[BlackTeam "Abuja Rockstars"]
[WhiteTeamCountry "ISL"]
[BlackTeamCountry "NGR"]

1. e4 c5 2. Nf3 Nc6 3. Bb5 g6 4. Bxc6 dxc6 5. h3 Bg7 6. 0-0 e5 7. d3 Qe7 8. b3 Nf6 9. Be3 Nd7 10. Qd2 h6 11. a4 Nf8 12. a5 Ne6 13. c3 g5 14. g3 Nf4 15. gxf4 gxf4 16. Kh2 fxe3 17. fxe3 Be6 18. Na3 Bxb3 19. c4 b5 20. Rg1 Bf6 21. Rab1 Ba4 22. cxb5 cxb5 23. Nxb5 Qd7 24. Qb2 Bxb5 25. Qxb5 Qxb5 26. Rxb5 Rd8 27. Rd1 c4 28. d4 exd4 29. exd4 0-0 30. e5 Bg7 31. Rb7 c3 32. Rc1 Rc8 33. Rxa7 c2 34. Rb7 Rc3 35. Ne1 Ra8 36. Rxc2 Re3 37. Ng2 Rd3 38. Rc4 Rxa5 39. Rc8+ Kh7 40. Rxf7 Ra6 41. Rcc7 Rg6 42. Rf6 Rg5 43. h4 Rg4 44. Rf4 Rg6 45. Rc2 h5 46. Re4 Rxd4 47. Rxd4 Bxe5+ 48. Rf4 Rg4 49. Rcc4 Kg6 50. Kh3 Bxf4 51. Rxf4 1-0

[Event "PRO League Central"]
[Site "Chess.com INT"]
[Date "2017.01.18"]
[Round "2"]
[White "Makaj, Marko"]
[Black "Oragwu, Chukwunonso"]
[Result "1-0"]
[WhiteElo "2332"]
[BlackElo "2155"]
[PlyCount "161"]
[EventDate "2017.01.11"]
[EventType "team-swiss (rapid)"]
[EventRounds "7"]
[EventCountry "USA"]
[SourceTitle "CBM 176 Extra"]
[Source "ChessBase"]
[SourceDate "2017.03.02"]
[SourceVersion "1"]
[SourceVersionDate "2017.03.02"]
[SourceQuality "1"]
[WhiteTeam "Abuja Rockstars"]
[BlackTeam "Lagos Leatherbacks"]
[WhiteTeamCountry "NGR"]
[BlackTeamCountry "NGR"]

1. d4 Nf6 2. Bg5 Ne4 3. Bf4 c5 4. f3 Qa5+ 5. c3 Nf6 6. d5 Qb6 7. Bc1 g6 8. e4 d6 9. Na3 a6 10. Nc4 Qc7 11. a4 b6 12. Bg5 Bg7 13. Qd2 0-0 14. Bd3 e6 15. dxe6 Bxe6 16. Ne2 Nc6 17. 0-0 Ne5 18. Ne3 h6 19. Bh4 Qb7 20. Nf4 b5 21. axb5 axb5 22. Nxe6 fxe6 23. Bc2 Qb6 24. Kh1 g5 25. Bf2 Qc6 26. Rfd1 Rad8 27. Ra7 Rf7 28. Rda1 Rxa7 29. Rxa7 Qb6 30. Re7 Re8 31. Rxe8+ Nxe8 32. h4 Qd8 33. hxg5 Qxg5 34. Qe2 c4 35. b3 Nf6 36. bxc4 bxc4 37. g3 Nh5 38. Kh2 Nd3 39. Bxd3 cxd3 40. Qxd3 Be5 41. f4 Nxf4 42. gxf4 Qxf4+ 43. Kg2 h5 44. c4 h4 45. Nf1 Qg4+ 46. Kh1 h3 47. Ng3 Kf7 48. Kh2 Ke7 49. c5 Qf4 50. cxd6+ Bxd6 51. Qe3 Qg4 52. e5 Bb4 53. Qa7+ Ke8 54. Qa4+ Kf7 55. Qd7+ Kg6 56. Qe8+ Kg7 57. Qd7+ Kg8 58. Qd4 Qxd4 59. Bxd4 Kg7 60. Kxh3 Kg6 61. Kg4 Bd2 62. Ne4 Bc1 63. Nc5 Kf7 64. Ne4 Kg6 65. Nd6 Bd2 66. Kf3 Bc1 67. Ke4 Kg7 68. Kd3 Kf8 69. Kc4 Ba3 70. Kb5 Ke7 71. Kc6 Bc1 72. Nc8+ Kf7 73. Kd7 Ba3 74. Nd6+ Kg6 75. Kxe6 Bc1 76. Kd7 Bf4 77. e6 Bg5 78. Ne4 Bh4 79. Bf6 Bxf6 80. Nxf6 Kxf6 81. e7 1-0

[Event "CRO-chT2 Center 25th"]
[Site "Croatia"]
[Date "2016.09.25"]
[Round "7.51"]
[White "Zecevic, Dean"]
[Black "Makaj, Marko"]
[Result "1/2-1/2"]
[WhiteElo "2278"]
[BlackElo "2352"]
[PlyCount "50"]
[EventDate "2016.03.13"]
[EventType "team-tourn"]
[EventRounds "11"]
[EventCountry "CRO"]
[SourceTitle "EXT 2019"]
[Source "ChessBase"]
[SourceDate "2018.10.10"]
[SourceVersion "1"]
[SourceVersionDate "2018.10.10"]
[SourceQuality "1"]

1. e4 g6 2. d4 Bg7 3. Nc3 d6 4. Nf3 Bg4 5. Be3 Nc6 6. Qd2 e5 7. Bb5 a6 8. Bxc6+ bxc6 9. dxe5 Bxf3 10. gxf3 Bxe5 11. f4 Bg7 12. 0-0-0 Nf6 13. e5 dxe5 14. fxe5 Qxd2+ 15. Rxd2 Ng4 16. Bf4 0-0 17. Re2 Rad8 18. h3 Rd4 19. Bg3 Nh6 20. e6 fxe6 21. Rxe6 Rc4 22. Ne4 Nf5 23. c3 Nd4 24. Re7 Nf5 25. Re6 Nd4 1/2-1/2